Southville International School and Colleges
Your cart is empty.
  • Cart
  • Lists
    Public lists Eva Luna New books Lux_list list_1
    Your lists Log in to create your own lists
  • Log in to your account
  • Your cookies
  • Search history
Southville International School and Colleges
  • Advanced search
  • Recent comments
  • Most popular
  • Libraries

Log in to your account

Log in with GOOGLE


If you do not have an external account, but do have a local account, you can still log in:

  1. Home
  2. MARC view: Lippincott's nursing procedures /
Normal view MARC view ISBD view

Lippincott's nursing procedures / (Record no. 283670)

[ view plain ]
MARC details
000 -LEADER
fixed length control field 01034cam a2200337 a 4500
001 - CONTROL NUMBER
control field 17325122
003 - CONTROL NUMBER IDENTIFIER
control field PILC
005 - DATE AND TIME OF LATEST TRANSACTION
control field 20150302085702.0
008 - FIXED-LENGTH DATA ELEMENTS--GENERAL INFORMATION
fixed length control field 120525s2013 paua b 001 0 eng
010 ## - LIBRARY OF CONGRESS CONTROL NUMBER
LC control number 2012021642
020 ## - INTERNATIONAL STANDARD BOOK NUMBER
International Standard Book Number 9781451146332 (pbk. : alk. paper)
020 ## - INTERNATIONAL STANDARD BOOK NUMBER
International Standard Book Number 1451146337 (pbk. : alk. paper)
035 ## - SYSTEM CONTROL NUMBER
System control number (DNLM)101585053
040 ## - CATALOGING SOURCE
Original cataloging agency DNLM/DLC
Transcribing agency DLC
Modifying agency DLC
042 ## - AUTHENTICATION CODE
Authentication code pcc
050 00 - LIBRARY OF CONGRESS CALL NUMBER
Classification number RT 41
Item number .N886 2013
060 10 - NATIONAL LIBRARY OF MEDICINE CALL NUMBER
Classification number WY 100.1
082 00 - DEWEY DECIMAL CLASSIFICATION NUMBER
Classification number 610.73
245 00 - TITLE STATEMENT
Title Lippincott's nursing procedures /
246 30 - VARYING FORM OF TITLE
Title proper/short title Nursing procedures
250 ## - EDITION STATEMENT
Edition statement 6th ed.
260 ## - PUBLICATION, DISTRIBUTION, ETC. (IMPRINT)
Place of publication, distribution, etc Philadelphia :
Name of publisher, distributor, etc Wolters Kluwer/Lippincott Williams & Wilkins Health,
Date of publication, distribution, etc [2013]
300 ## - PHYSICAL DESCRIPTION
Extent xvi, 825 pages :
Other physical details illustrations ;
Dimensions 28 cm
504 ## - BIBLIOGRAPHY, ETC. NOTE
Bibliography, etc Includes bibliographical references and index.
521 ## - TARGET AUDIENCE NOTE
Target audience note Nursing
650 12 - SUBJECT ADDED ENTRY--TOPICAL TERM
Topical term or geographic name as entry element Nursing Care.
710 2# - ADDED ENTRY--CORPORATE NAME
Corporate name or jurisdiction name as entry element Lippincott Williams & Wilkins.
906 ## - LOCAL DATA ELEMENT F, LDF (RLIN)
a 7
b cbc
c orignew
d 1
e ecip
f 20
g y-gencatlg
942 ## - ADDED ENTRY ELEMENTS (KOHA)
Source of classification or shelving scheme Library of Congress Classification
Koha item type Books
Holdings
Withdrawn status Lost status Source of classification or shelving scheme Damaged status Home library Current library Shelving location Date acquired Source of acquisition Sub Shelving location Total Checkouts Full call number Barcode Date last seen Price effective from Koha item type
    Library of Congress Classification   College Library College Library Reserve Section 03/02/2015 Library Fund     RT 41 .N886 2013 C19162 05/15/2018 03/02/2015 Books

Lippincott's nursing procedures /

APA

Lippincott Williams & Wilkins, . (2013). Lippincott's nursing procedures. Philadelphia: Wolters Kluwer/Lippincott Williams & Wilkins Health.

Chicago

Lippincott Williams & Wilkins, . 2013. Lippincott's nursing procedures. Philadelphia: Wolters Kluwer/Lippincott Williams & Wilkins Health.

Harvard

Lippincott Williams & Wilkins, . (2013). Lippincott's nursing procedures. Philadelphia: Wolters Kluwer/Lippincott Williams & Wilkins Health.

MLA

Lippincott Williams & Wilkins, . Lippincott's nursing procedures. Philadelphia: Wolters Kluwer/Lippincott Williams & Wilkins Health. 2013.

  • Place hold
  • Print
  • Cite
  • Add to your cart (remove)
  • Save record
    BIBTEX Dublin Core MARCXML MARC (non-Unicode/MARC-8) MARC (Unicode/UTF-8) MARC (Unicode/UTF-8, Standard) MODS (XML) RIS
  • More searches
    Search for this title in:
    Other Libraries (WorldCat) Other Databases (Google Scholar) Online Stores (Bookfinder.com) Open Library (openlibrary.org)

Exporting to Dublin Core...

SOUTHVILLE LIBRARY

Southville International School and Colleges Library

1281 Tropical Ave. Cor. Luxembourg St., BF Homes International, Las Pinas City

Tel. No. 8256374 / 252358 Loc. 117/146

Powered by Koha